[Event "LUX-ch U18"]
[Site "Bonnevoie"]
[Date "2000.02.29"]
[Round "4"]
[White "Chaussy, Jhang"]
[Black "Johanns, George"]
[Result "0-1"]
[WhiteElo "1350"]
[BlackElo "1300"]
[PlyCount "102"]
[EventDate "2000.02.26"]
[EventType "swiss"]
[EventRounds "7"]
[EventCountry "LUX"]
[SourceTitle "EXT 2005"]
[Source "ChessBase"]
[SourceDate "2004.11.15"]
[SourceVersion "1"]
[SourceVersionDate "2004.11.15"]
[SourceQuality "1"]

1. e4 e5 2. Nc3 Nf6 3. Nf3 Ng4 4. h3 Nf6 5. Nxe5 d5 6. Nxd5 Nxd5 7. c4 Qg5 8. cxd5 Qxe5 9. g4 Qxe4+ 10. Qe2 Qxe2+ 11. Bxe2 f5 12. f3 g6 13. Bb5+ c6 14. Bd3 cxd5 15. gxf5 gxf5 16. Kf2 Bc5+ 17. Kg2 Rg8+ 18. Kf1 f4 19. a3 Bxh3+ 20. Rxh3 Rg1+ 21. Ke2 Nc6 22. Rxh7 0-0-0 23. Bf5+ Kb8 24. d4 Nxd4+ 25. Kf2 Nc2+ 26. Ke2 Re8+ 27. Kd2 Rg2+ 28. Kc3 Re3+ 29. Bxe3 fxe3 30. Rh8+ Kc7 31. Rc8+ Kb6 32. Bxc2 e2 33. Re1 d4+ 34. Kc4 d3 35. Bxd3 Bg1 36. Rc5 Bxc5 37. b4 Bd6 38. a4 Bg3 39. a5+ Ka6 40. Kc5+ b5 41. Bxb5+ Kb7 42. Bc6+ Kc7 43. f4 Bxe1 44. Bxg2 Bxb4+ 45. Kxb4 e1Q+ 46. Kb5 Kb8 47. f5 Qb1+ 48. Ka6 Qxf5 49. Be4 Qxe4 50. Kb5 Qe5+ 51. Ka6 Qe2# 0-1